000 00934cam a22002774a 4500
001 14329280
005 20180206044127.0
008 060405s2006 dcuc be 001 0ceng
010 _a 2006011563
020 _a193311648X (alk. paper)
020 _a9781933116488
035 _a(OCoLC)ocm66392966
040 _aDLC
_cDLC
_dBAKER
_dC#P
_dYLS
_dDLC
041 _aeng
042 _apcc
043 _an-us---
080 _a347.732
082 0 0 _a347.732 URO
_aB
_222
100 _a14
101 _aSHJ
245 0 0 _aBiographical encyclopedia of the Supreme Court :
_cedited by Melvin I. Urofsky.
504 _aIncludes bibliographical references and indexes.
906 _a7
_bcbc
_corignew
_d1
_eecip
_f20
_gy-gencatlg
942 _2ddc
_cBK
999 _c41904
_d41904